| 000 | 00404nam a2200157Ia 4500 | ||
|---|---|---|---|
| 008 | 230718s9999 xx 000 0 und d | ||
| 041 | _aeng | ||
| 082 |
_a330.3 _bWUO |
||
| 100 |
_aWuoria Jeff _9128957 |
||
| 245 | _aCNBC Guide To Money And Markets | ||
| 260 |
_c2001 _bJohn Wiley & Sons |
||
| 300 | _a175 | ||
| 365 |
_cRs. _b875.00 |
||
| 700 |
_aWuoria Jeff _9128957 |
||
| 906 |
_dB:447717-May-2002 _cOTH |
||
| 999 |
_c303667 _d303667 |
||